Principles of sedimentary basin analysis / (Record no. 10525)
[ view plain ]
| 000 -LEADER | |
|---|---|
| fixed length control field | 00779cam a2200265 a 4500 |
| 001 - CONTROL NUMBER | |
| control field | 10525 |
| 003 - CONTROL NUMBER IDENTIFIER | |
| rucl marc code | BD-RjUL |
| 005 - DATE AND TIME OF LATEST TRANSACTION | |
| control field | 20211208234953.0 |
| 008 - FIXED-LENGTH DATA ELEMENTS--GENERAL INFORMATION | |
| fixed length control field | 140125s1984 nyua b 001 0 eng |
| 020 ## - INTERNATIONAL STANDARD BOOK NUMBER | |
| International Standard Book Number | 0387909419 |
| 035 ## - SYSTEM CONTROL NUMBER | |
| System control number | (BD-RjUL)10573 |
| 040 ## - CATALOGING SOURCE | |
| Original cataloging agency | DLC |
| Transcribing agency | DLC |
| Modifying agency | DLC |
| -- | BD-RjUL |
| Language of cataloging | eng |
| 041 ## - LANGUAGE CODE | |
| Language code of text/sound track or separate title | eng |
| 082 00 - DEWEY DECIMAL CLASSIFICATION NUMBER | |
| Classification number | 551.3 |
| Edition number | 19 |
| Author mark and year | MIP 1984 |
| 100 1# - MAIN ENTRY--PERSONAL NAME | |
| Personal name | Miall, Andrew D. |
| 9 (RLIN) | 32536 |
| 245 10 - TITLE STATEMENT | |
| Title | Principles of sedimentary basin analysis / |
| Statement of responsibility, etc. | Andrew D. Miall. |
| 260 ## - PUBLICATION, DISTRIBUTION, ETC. (IMPRINT) | |
| Place of publication, distribution, etc. | New York : |
| Name of publisher, distributor, etc. | Springer-Verlag, |
| Date of publication, distribution, etc. | c1984. |
| 300 ## - PHYSICAL DESCRIPTION | |
| Pagination | xii, 490 p. : |
| Illustrations | ill. ; |
| Size | 26 cm. |
| 504 ## - BIBLIOGRAPHY, ETC. NOTE | |
| Bibliography, etc | Includes bibliographies and indexes. |
| 650 #0 - SUBJECT ADDED ENTRY--TOPICAL TERM | |
| Topical term or geographic name as entry element | Sedimentary basins. |
| 9 (RLIN) | 32537 |
| Topical term or geographic name as entry element | Stratigraphic correlation. |
| 9 (RLIN) | 32538 |
| 942 ## - ADDED ENTRY ELEMENTS (KOHA) | |
| Source of classification or shelving scheme | Dewey Decimal Classification |
| Koha item type | Books |
| Lost status | Source of classification or shelving scheme | Damaged status | Not for loan | Collection code | Permanent Location | Current Location | Shelving location | Date acquired | Source of acquisition | Total Checkouts | Full call number | Date last seen | Copy number | Koha item type |
|---|---|---|---|---|---|---|---|---|---|---|---|---|---|---|
| Dewey Decimal Classification | Not For Loan | Non-fiction | Central Library, University of Rajshahi | Central Library, University of Rajshahi | Reading Room | 05/12/1993 | Asia foundation | 551.3 MIP 1984 | 25/01/2014 | C-1 | Books |